| 000 | 00364nam a22001577a 4500 | ||
|---|---|---|---|
| 005 | 20160905160336.0 | ||
| 008 | 160905b xxu||||| |||| 00| 0 eng d | ||
| 020 | _a978-93-272-6385-5 | ||
| 041 | _aeng | ||
| 100 |
_aReddy,S.R _93509 |
||
| 245 | _aAgronomy of Field Crops | ||
| 260 |
_bKalyani _c2016 |
||
| 300 | _a658 | ||
| 650 |
_aAgriculture _92837 |
||
| 942 | _cBK | ||
| 999 |
_c5208 _d5206 |
||